000 00826nam a2200277Ia 4500
001 Para_1486
003 CHAP
008 220125s1988 xx 000 0 und d
010 _a200233
040 _cCHAP
082 _aPA 632.9504 S4
100 _aSherma, Joseph, ed.
_9165104
245 _aAnalytical methods for pesticides and plant growth regulators /
_c by Joseph Sherma
260 _aSan Diego, Cal. :
_b Academic Press.
300 _av.
500 _aLa biblioteca tiene: v. 16 Specific applications
650 _aPesticidas
_x efecto en plantas
_987553
650 _aPlantas
_x crecimiento
_xestimulantes
_988808
901 _aPA 632.9504 S4
902 _aA
905 _a0000001988 i 0000000000 00
910 _a1988
942 _cPARA
942 _cPARA
_d1
999 _c200233
_d200233